000
00297nas a2200121 4500
005
20211102151922.0
008
211102b ||||| |||| 00| 0 eng d
022
_a
0970-471X
040
_c
245
_a
Health action
260
_a
The catholic association of India
_b
Oct 2020
942
_2
ddc
_c
PR
999
_c
220349
_d
220349